000 00250nam a2200097Ia 4500
001 1172034
005 20250827012548.0
008 250824s9999 xx 000 0 und d
245 0 _aUZAYIN DERİN KARANLIĞI
_cBARIŞ TOPRAK
260 _bFİHRİST KİTAP
999 _c1172034
_d1172034